000 00480nam a2200181Ia 4500
001 20828
005 20260306172834.0
008 260306t2019||||xx |||||||||||||| ||spa||
041 _aESP
082 _a343.8
_bE333D
100 _aEffio Pereda, Fernando,
_eAUT
245 0 _aDetracciones, retenciones y percepciones :
_banálisis y aplicación práctica
260 _c2019
300 _a702 páginas :
_c25 cm.
650 _aGEN
654 _aCDE
942 _cLIB
_dJUS
_fJUS
_2ddc
_n
999 _c20828
_d20828